Baby Animals by Picture A-Z - Statistics

General Stats
  • This quiz has been taken 148 times
  • The average score is 13 of 23
Answer Stats
Picture Hint Answer % Correct
B bunny
91%
C cub
91%
D duckling
91%
L lamb
84%
J joey
83%
T tadpole
81%
K kid
78%
F foal
74%
O owlet
71%
G gosling
69%
E eaglet
68%
M (housefly) maggot
66%
I (hint: think humans) infant
64%
R (salmon) roe
53%
H (any animal that lays eggs) hatchling
45%
Y (1-year-old horse) yearling
41%
A antling
35%
P peachick
33%
S snakelet
28%
N (grasshopper) nymph
22%
V (a type of snake) viperling
16%
W (hint: think skincolour) whitecoat
8%
Z (crab) zoea
6%
No matching quizzes found
Score Distribution
Percent of People with Each Score
Percentile by Number Answered
Your Score History
You have not taken this quiz